Chinese Airports by City - Statistics

General Stats
  • This quiz has been taken 49 times
  • The average score is 17 of 30
Answer Stats
City Airport % Correct
Beijing Capital
100%
Beijing Daxing
100%
Shanghai Pudong
88%
Shanghai Hongqiao
83%
Chengdu Tianfu
76%
Shenzhen Bao'an
71%
Guangzhou Baiyun
69%
Chengdu Shuangliu
67%
Wuhan Tianhe
60%
Chongqing Jiangbei
57%
Tianjin Binhai
55%
Xi'an Xi'an-Xianyang
55%
Hangzhou Xiaoshan
55%
Xiamen Gaoqi
52%
Changsha Huanghua
52%
Nanjing Lukou
52%
Haikou Meilan
52%
Urumqi Diwopu
48%
Qingdao Jiaodong
48%
Guiyang Longdongbao
48%
Changchun Longjia
48%
Zhengzhou Xinzheng
48%
Kunming Changshui
45%
Taiyuan Wusu
45%
Harbin Taiping
43%
Shenyang Taoxian
43%
Lanzhou Zhongchuan
43%
Nanchang Changbei
40%
Nanning Wuxu
38%
Hefei Xinqiao
36%
No matching quizzes found
Score Distribution
Percent of People with Each Score
Percentile by Number Answered
Your Score History
You have not taken this quiz